Ş-2 EN BÜYÜK 77 CASUSLUK EFSANESİ (Kayıt no. 1251712)

MARC ayrıntıları
000 -LEADER
sabit uzunluktaki kontrol alanı 00269nam a2200097Ia 4500
001 - KONTROL NUMARASI
kontrol alanı 1251712
005 - EN SON İŞLEMİN TARİH VE ZAMANI
kontrol alanı 20251031150920.0
008 - SABİT-UZUNLUKTA VERİ ÖĞELERİ--GENEL BİLGİ
sabit uzunluktaki kontrol alanı 251031s9999 xx 000 0 und d
245 #0 - ESER / YAZAR
Yazar Adı CHRISTOPHER NEHRING
ESER ADI Ş-2 EN BÜYÜK 77 CASUSLUK EFSANESİ
260 ## - YAYIN, DAĞITIM, VB.
YAYIN EVİ ORENDA YAYINLARI
Mevcut
Düşüm durumu Kayıp durumu Hasar Durumu Ödünç verilmez Ana kütüphane Geçerli Kütüphane Edinilen tarih Toplam ödünç verme sayısı Tam yer numarası Barkod Son görüntüleme tarihi Fiyatın geçerli olmaya başladığı tarih Koha materyal türü
        ŞEHİT BURAK GENÇ CELEP HAVA LOJMAN KÜTÜPHANESİ ŞEHİT BURAK GENÇ CELEP HAVA LOJMAN KÜTÜPHANESİ 30.10.2025   Ş-2 / GENEL 2 11048690002014819 31.10.2025 31.10.2025 Kitaplar
Gemini Bilgi Teknolojileri A.Ş. tarafından düzenlenmiştir.